[Event "Wroclaw Open"]
[Site "?"]
[Date "2017.08.16"]
[Round "9.10"]
[White "Jachym, Adam"]
[Black "Sergeev, Vladimir"]
[Result "0-1"]
[BlackElo "2417"]
[WhiteElo "2005"]
[LiveChessVersion "1.4.6"]

1. e4 {[%clk 1:30:55]} d6 {[%clk 1:22:43]} 2. d4 {[%clk 1:31:15]} g6
{[%clk 1:23:12]} 3. Nf3 {[%clk 1:31:13]} Bg7 {[%clk 1:23:40]} 4. Nc3
{[%clk 1:31:28]} a6 {[%clk 1:24:05]} 5. Bc4 {[%clk 1:31:42]} e6 {[%clk 1:23:50]}
6. O-O {[%clk 1:31:44]} Ne7 {[%clk 1:23:44]} 7. a3 {[%clk 1:32:01]} b5
{[%clk 1:24:06]} 8. Ba2 {[%clk 1:32:11]} h6 {[%clk 1:23:18]} 9. Bf4
{[%clk 1:31:12]} Nd7 {[%clk 1:22:01]} 10. Bg3 {[%clk 1:30:41]} Bb7
{[%clk 1:22:17]} 11. Re1 {[%clk 1:30:55]} O-O {[%clk 1:22:00]} 12. Qd2
{[%clk 1:30:36]} Nf6 {[%clk 1:17:02]} 13. Rad1 {[%clk 1:24:57]} d5
{[%clk 1:12:57]} 14. exd5 {[%clk 1:24:45]} Nexd5 {[%clk 1:13:10]} 15. Be5
{[%clk 1:23:49]} Rc8 {[%clk 1:12:12]} 16. Qe2 {[%clk 1:18:20]} Kh7
{[%clk 1:10:14]} 17. Nxd5 {[%clk 1:07:05]} Nxd5 {[%clk 1:09:55]} 18. c4
{[%clk 1:05:42]} bxc4 {[%clk 1:09:42]} 19. Bxc4 {[%clk 1:05:56]} a5
{[%clk 1:09:25]} 20. Qd2 {[%clk 1:04:04]} Nb6 {[%clk 1:09:07]} 21. Ba2
{[%clk 1:03:39]} Bxf3 {[%clk 1:08:51]} 22. gxf3 {[%clk 1:04:02]} a4
{[%clk 1:07:09]} 23. Bg3 {[%clk 1:04:06]} Qd7 {[%clk 1:06:45]} 24. h4
{[%clk 1:03:09]} h5 {[%clk 1:06:46]} 25. Qa5 {[%clk 1:02:00]} Rfd8
{[%clk 1:05:59]} 26. Rd2 {[%clk 0:56:50]} Qc6 {[%clk 1:03:27]} 27. Kg2
{[%clk 0:50:26]} Rxd4 {[%clk 1:00:19]} 28. Rxd4 {[%clk 0:49:23]} Bxd4
{[%clk 1:00:46]} 29. Qd2 {[%clk 0:49:23]} Qd7 {[%clk 0:53:21]} 30. Qb4
{[%clk 0:42:37]} Bf6 {[%clk 0:51:01]} 31. Rc1 {[%clk 0:42:39]} Kg7
{[%clk 0:44:49]} 32. Rc2 {[%clk 0:37:03]} Kg8 {[%clk 0:37:17]} 33. Qf4
{[%clk 0:33:28]} Bd4 {[%clk 0:36:10]} 34. Rxc7 {[%clk 0:28:07]} Rxc7
{[%clk 0:36:39]} 35. Qxc7 {[%clk 0:28:29]} Qxc7 {[%clk 0:37:08]} 36. Bxc7
{[%clk 0:28:50]} Nd5 {[%clk 0:37:35]} 37. Bd6 {[%clk 0:28:58]} Bxb2
{[%clk 0:38:02]} 38. Bb1 {[%clk 0:27:27]} Nc3 {[%clk 0:27:11]} 39. Bc2
{[%clk 0:27:10]} Nb5 {[%clk 0:27:33]} 40. Bg3 {[%clk 0:26:45]} Bxa3
{[%clk 0:27:25]} 41. Bxa4 {[%clk 0:27:03]} Nc3 {[%clk 0:25:41]} 42. Bc2
{[%clk 0:24:42]} Kf8 {[%clk 0:24:31]} 43. Bd3 {[%clk 0:20:49]} Ke7
{[%clk 0:24:29]} 44. Bc2 {[%clk 0:18:16]} Bd6 {[%clk 0:24:16]} 45. Bd3
{[%clk 0:14:16]} Nd5 {[%clk 0:24:28]} 46. Be4 {[%clk 0:13:58]} Nc3
{[%clk 0:22:17]} 47. Bc6 {[%clk 0:11:03]} e5 {[%clk 0:22:22]} 48. Bh2
{[%clk 0:10:23]} Ne2 {[%clk 0:21:05]} 49. Ba4 {[%clk 0:08:34]} Nd4
{[%clk 0:21:25]} 50. Bd1 {[%clk 0:08:23]} f5 {[%clk 0:21:43]} 51. Kh3
{[%clk 0:08:11]} f4 {[%clk 0:22:06]} 52. Bg1 {[%clk 0:08:23]} Kf7
{[%clk 0:22:25]} 53. Bh2 {[%clk 0:08:41]} Be7 {[%clk 0:22:53]} 54. Bg1
{[%clk 0:08:54]} Kg7 {[%clk 0:23:00]} 55. Bh2 {[%clk 0:09:15]} Nf5
{[%clk 0:23:10]} 56. Bc2 {[%clk 0:09:15]} Nxh4 {[%clk 0:23:32]} 57. Be4
{[%clk 0:09:38]} Bg5 {[%clk 0:23:39]} 58. Bg1 {[%clk 0:09:58]} Kf6
{[%clk 0:23:38]} 59. Bh2 {[%clk 0:10:16]} Ke6 {[%clk 0:21:01]} 60. Bg1
{[%clk 0:10:24]} Kd6 {[%clk 0:19:17]} 61. Bh2 {[%clk 0:10:01]} Bf6
{[%clk 0:19:22]} 62. Bg1 {[%clk 0:09:36]} Kc5 {[%clk 0:19:41]} 63. Bh2
{[%clk 0:09:39]} Kd4 {[%clk 0:20:09]} 64. Bg1 {[%clk 0:08:25]} Kc3
{[%clk 0:19:13]} 65. Bh2 {[%clk 0:08:41]} Kd2 {[%clk 0:19:28]} 66. Bg3
{[%clk 0:09:03]} fxg3 {[%clk 0:13:13]} 67. fxg3 {[%clk 0:09:27]} Nf5
{[%clk 0:13:42]} 68. g4 {[%clk 0:07:25]} hxg4+ {[%clk 0:14:01]} 69. Kxg4
{[%clk 0:07:33]} Nh6+ {[%clk 0:14:18]} 70. Kg3 {[%clk 0:07:41]} g5
{[%clk 0:14:46]} 71. Bg6 {[%clk 0:07:45]} Ke3 {[%clk 0:15:09]} 72. Bb1
{[%clk 0:06:56]} Bd8 {[%clk 0:15:34]} 73. Bc2 {[%clk 0:06:36]} Ba5
{[%clk 0:16:00]} 74. Be4 {[%clk 0:05:43]} Be1+ {[%clk 0:16:23]} 75. Kg2
{[%clk 0:05:44]} Kf4 {[%clk 0:16:19]} 76. Bb7 {[%clk 0:05:37]} Nf5
{[%clk 0:16:42]} 77. Kf1 {[%clk 0:05:47]} Ba5 {[%clk 0:16:37]} 78. Ba8
{[%clk 0:06:06]} Bb6 {[%clk 0:16:38]} 79. Bb7 {[%clk 0:06:26]} Kg3
{[%clk 0:15:56]} 80. Ke2 {[%clk 0:06:20]} Nd4+ {[%clk 0:16:17]} 0-1

[Event "Wroclaw Open"]
[Site "?"]
[Date "2017.08.16"]
[Round "9.11"]
[White "Motyl, Tomasz"]
[Black "Piotrowski, Przemyslaw"]
[Result "0-1"]
[BlackElo "2335"]
[WhiteElo "2027"]
[LiveChessVersion "1.4.6"]

1. e4 {[%clk 1:30:59]} c5 {[%clk 1:17:13]} 2. c3 {[%clk 1:31:18]} Nf6
{[%clk 1:17:27]} 3. e5 {[%clk 1:31:38]} Nd5 {[%clk 1:17:52]} 4. d4
{[%clk 1:31:54]} cxd4 {[%clk 1:18:18]} 5. Nf3 {[%clk 1:32:11]} e6
{[%clk 1:17:48]} 6. cxd4 {[%clk 1:32:18]} b6 {[%clk 1:17:02]} 7. Nc3
{[%clk 1:31:10]} Bb7 {[%clk 1:17:27]} 8. Bd3 {[%clk 1:30:20]} Nxc3
{[%clk 1:10:18]} 9. bxc3 {[%clk 1:30:41]} d6 {[%clk 1:07:37]} 10. O-O
{[%clk 1:24:47]} Nd7 {[%clk 1:07:14]} 11. Re1 {[%clk 1:20:29]} Be7
{[%clk 1:05:40]} 12. Bf4 {[%clk 1:06:07]} d5 {[%clk 0:57:34]} 13. Qd2
{[%clk 1:02:43]} h6 {[%clk 0:57:48]} 14. a4 {[%clk 0:56:09]} 0-1

[Event "Wroclaw Open"]
[Site "?"]
[Date "2017.08.16"]
[Round "9.12"]
[White "Engers, Felix"]
[Black "Dziodzio, Angelika"]
[Result "1-0"]
[BlackElo "2126"]
[WhiteElo "1919"]
[LiveChessVersion "1.4.6"]

1. c4 {[%clk 1:30:58]} c5 {[%clk 1:30:55]} 2. g3 {[%clk 1:31:25]} Nc6
{[%clk 1:31:21]} 3. Nc3 {[%clk 1:31:44]} g6 {[%clk 1:31:47]} 4. Bg2
{[%clk 1:32:11]} Bg7 {[%clk 1:32:13]} 5. a3 {[%clk 1:32:37]} e5 {[%clk 1:31:40]}
6. b4 {[%clk 1:33:02]} d6 {[%clk 1:24:06]} 7. Rb1 {[%clk 1:33:28]} Nge7
{[%clk 1:22:47]} 8. e3 {[%clk 1:33:53]} O-O {[%clk 1:19:52]} 9. Nge2
{[%clk 1:34:18]} f5 {[%clk 1:14:55]} 10. d3 {[%clk 1:34:12]} Kh8 {[%clk 1:12:40]}
11. O-O {[%clk 1:31:47]} g5 {[%clk 1:07:53]} 12. f4 {[%clk 1:24:25]} exf4
{[%clk 1:03:24]} 13. exf4 {[%clk 1:24:43]} gxf4 {[%clk 1:02:58]} 14. Bxf4
{[%clk 1:24:52]} Ng6 {[%clk 1:03:27]} 15. Qd2 {[%clk 1:20:41]} cxb4
{[%clk 0:52:49]} 16. axb4 {[%clk 1:19:59]} Nce5 {[%clk 0:50:27]} 17. Bg5
{[%clk 1:10:02]} Qd7 {[%clk 0:42:34]} 18. Nd5 {[%clk 1:03:58]} Qf7
{[%clk 0:39:50]} 19. Rbc1 {[%clk 0:29:57]} Be6 {[%clk 0:26:12]} 20. Nd4
{[%clk 0:24:15]} Rac8 {[%clk 0:21:01]} 21. Nb5 {[%clk 0:19:15]} Qd7
{[%clk 0:11:20]} 22. Nxa7 {[%clk 0:19:18]} Bxd5 {[%clk 0:11:23]} 23. Bxd5
{[%clk 0:19:14]} Rce8 {[%clk 0:11:29]} 24. Nb5 {[%clk 0:18:16]} Ng4
{[%clk 0:10:07]} 25. d4 {[%clk 0:13:50]} h6 {[%clk 0:05:15]} 26. Bf4
{[%clk 0:08:52]} Nxf4 {[%clk 0:05:41]} 27. Qxf4 {[%clk 0:08:21]} Ne3
{[%clk 0:05:55]} 28. Qxd6 {[%clk 0:08:11]} Qxd6 {[%clk 0:05:49]} 29. Nxd6
{[%clk 0:08:38]} Nxf1 {[%clk 0:06:11]} 30. Nxe8 {[%clk 0:08:41]} Nxg3
{[%clk 0:06:38]} 31. Re1 {[%clk 0:08:20]} Bxd4+ {[%clk 0:06:52]} 32. Kg2
{[%clk 0:08:03]} Ne4 {[%clk 0:06:21]} 33. Nc7 {[%clk 0:07:29]} Bc3
{[%clk 0:06:50]} 34. Re3 {[%clk 0:01:49]} Bxb4 {[%clk 0:05:30]} 35. Rb3
{[%clk 0:02:00]} Ba5 {[%clk 0:04:07]} 36. Rxb7 {[%clk 0:01:52]} Nd6
{[%clk 0:03:41]} 37. Ra7 {[%clk 0:01:49]} Bb6 {[%clk 0:03:21]} 38. Ra8
{[%clk 0:02:07]} Rxa8 {[%clk 0:02:40]} 39. Nxa8 {[%clk 0:01:26]} Ba7
{[%clk 0:01:08]} 40. Nc7 {[%clk 0:01:20]} Kg7 {[%clk 0:01:08]} 41. c5
{[%clk 0:01:24]} Nc8 {[%clk 0:00:46]} 42. c6 {[%clk 0:01:10]} Kf6
{[%clk 0:00:45]} 43. Nb5 {[%clk 0:00:43]} Bb6 {[%clk 0:00:37]} 44. c7
{[%clk 0:00:42]} Ke5 {[%clk 0:00:38]} 45. Bb7 {[%clk 0:00:44]} Ne7
{[%clk 0:01:07]} 46. c8=Q {[%clk 0:00:50]} Nxc8 {[%clk 0:01:36]} 47. Bxc8
{[%clk 0:01:13]} Bc5 {[%clk 0:01:44]} 48. Nc3 {[%clk 0:01:14]} Kf4
{[%clk 0:01:27]} 49. Ne2+ {[%clk 0:01:18]} Ke5 {[%clk 0:01:31]} 50. Kf3
{[%clk 0:01:33]} Bb4 {[%clk 0:00:46]} 51. Ng3 {[%clk 0:00:58]} f4
{[%clk 0:01:12]} 52. Nf1 {[%clk 0:01:01]} h5 {[%clk 0:01:18]} 53. Bd7
{[%clk 0:01:19]} Be1 {[%clk 0:01:09]} 54. Be8 {[%clk 0:01:15]} h4
{[%clk 0:01:33]} 55. Bg6 {[%clk 0:01:29]} Bb4 {[%clk 0:01:30]} 56. h3
{[%clk 0:01:00]} Kf6 {[%clk 0:01:23]} 57. Bc2 {[%clk 0:01:17]} Kg5
{[%clk 0:01:36]} 58. Nh2 {[%clk 0:01:17]} Be7 {[%clk 0:00:36]} 59. Ke4
{[%clk 0:01:23]} Bd8 {[%clk 0:00:52]} 60. Nf3+ {[%clk 0:01:40]} Kh5
{[%clk 0:01:15]} 61. Kxf4 {[%clk 0:01:11]} Bc7+ {[%clk 0:01:08]} 62. Kf5
{[%clk 0:01:24]} Bg3 {[%clk 0:01:11]} 63. Kf6 {[%clk 0:00:58]} Kh6
{[%clk 0:01:27]} 64. Kf5 {[%clk 0:00:34]} Kh5 {[%clk 0:01:39]} 65. Kf6
{[%clk 0:01:00]} Kh6 {[%clk 0:02:03]} 66. Kf7 {[%clk 0:01:27]} Bf2
{[%clk 0:01:55]} 67. Bd3 {[%clk 0:01:41]} Bg3 {[%clk 0:02:16]} 68. Bc2
{[%clk 0:00:50]} Bf2 {[%clk 0:02:43]} 69. Kf6 {[%clk 0:00:56]} Bg3
{[%clk 0:02:33]} 70. Be4 {[%clk 0:01:13]} Bf2 {[%clk 0:02:55]} 71. Bg6
{[%clk 0:01:34]} Be3 {[%clk 0:01:35]} 72. Kf5 {[%clk 0:00:57]} Bf2
{[%clk 0:01:37]} 73. Ne5 {[%clk 0:00:52]} Be1 {[%clk 0:01:25]} 74. Ng4+
{[%clk 0:01:12]} Kg7 {[%clk 0:01:47]} 75. Kg5 {[%clk 0:01:34]} Bd2+
{[%clk 0:01:46]} 76. Kh5 {[%clk 0:01:11]} Bf4 {[%clk 0:00:53]} 77. Bd3
{[%clk 0:01:24]} Bg3 {[%clk 0:01:21]} 78. Ne3 {[%clk 0:01:22]} Be1
{[%clk 0:01:21]} 79. Nf5+ {[%clk 0:01:23]} Kf6 {[%clk 0:00:54]} 80. Kh6
{[%clk 0:01:13]} Bd2+ {[%clk 0:01:05]} 81. Kh5 {[%clk 0:01:39]} Be1
{[%clk 0:01:28]} 82. Nd6 {[%clk 0:02:03]} Kg7 {[%clk 0:00:56]} 83. Ne8+
{[%clk 0:02:23]} Kf7 {[%clk 0:00:56]} 84. Bg6+ {[%clk 0:02:47]} Kf8
{[%clk 0:01:13]} 85. Nd6 {[%clk 0:03:03]} Kg7 {[%clk 0:01:26]} 86. Ne8+
{[%clk 0:03:08]} Kf8 {[%clk 0:01:54]} 87. Kg5 {[%clk 0:03:22]} Bf2
{[%clk 0:02:07]} 88. Nd6 {[%clk 0:03:09]} Be1 {[%clk 0:01:01]} 89. Nf5
{[%clk 0:03:31]} Kg8 {[%clk 0:01:07]} 90. Nd4 {[%clk 0:01:52]} Bf2
{[%clk 0:01:10]} 91. Ne6 {[%clk 0:01:46]} Be1 {[%clk 0:01:29]} 92. Bd3
{[%clk 0:01:28]} Bf2 {[%clk 0:01:26]} 93. Kg6 {[%clk 0:01:38]} Be3
{[%clk 0:01:24]} 94. Bb5 {[%clk 0:01:49]} Bd2 {[%clk 0:00:55]} 95. Be8
{[%clk 0:02:10]} Be3 {[%clk 0:01:04]} 96. Bf7+ {[%clk 0:02:35]} Kh8
{[%clk 0:01:29]} 97. Ng7 {[%clk 0:02:26]} Bd2 {[%clk 0:01:01]} 98. Nf5
{[%clk 0:02:28]} Be1 {[%clk 0:01:18]} 99. Bb3 {[%clk 0:01:52]} Bf2
{[%clk 0:01:21]} 100. Kf7 {[%clk 0:01:27]} Be1 {[%clk 0:01:10]} 101. Bc2
{[%clk 0:01:49]} Kh7 {[%clk 0:00:41]} 102. Nxh4+ {[%clk 0:02:12]} Kh6
{[%clk 0:01:09]} 103. Nf3 {[%clk 0:02:05]} Bf2 {[%clk 0:01:18]} 104. Kf6
{[%clk 0:02:12]} Bg3 {[%clk 0:00:51]} 105. Bf5 {[%clk 0:01:52]} Bf2
{[%clk 0:01:07]} 106. Bg6 {[%clk 0:02:07]} Bd4+ {[%clk 0:01:09]} 107. Kf5
{[%clk 0:01:58]} Bf2 {[%clk 0:01:26]} 108. Be8 {[%clk 0:02:05]} Bg3
{[%clk 0:01:36]} 109. Kg4 {[%clk 0:02:27]} Bf2 {[%clk 0:01:50]} 110. Ba4
{[%clk 0:02:24]} Kg6 {[%clk 0:01:50]} 111. Ne5+ {[%clk 0:02:44]} Kh6
{[%clk 0:02:13]} 112. Nd3 {[%clk 0:03:09]} Bd4 {[%clk 0:02:35]} 113. h4
{[%clk 0:03:34]} Bf6 {[%clk 0:02:39]} 114. h5 {[%clk 0:03:58]} Bd8
{[%clk 0:03:01]} 115. Ne5 {[%clk 0:03:56]} Bf6 {[%clk 0:02:40]} 116. Nc4
{[%clk 0:04:07]} Bd4 {[%clk 0:01:58]} 117. Nd6 {[%clk 0:04:29]} Bc3
{[%clk 0:01:19]} 118. Bc2 {[%clk 0:03:15]} Bb4 {[%clk 0:01:13]} 119. Nf5+
{[%clk 0:03:32]} Kh7 {[%clk 0:01:42]} 120. Kg5 {[%clk 0:03:25]} Bd2+
{[%clk 0:02:04]} 121. Kf6 {[%clk 0:03:38]} Bc3+ {[%clk 0:02:07]} 122. Kf7
{[%clk 0:04:00]} Bd2 {[%clk 0:01:52]} 123. Bb3 {[%clk 0:03:56]} Bc1
{[%clk 0:01:58]} 124. Ba4 {[%clk 0:04:04]} Bd2 {[%clk 0:02:15]} 125. Ke6
{[%clk 0:04:22]} Bc1 {[%clk 0:02:24]} 126. Be8 {[%clk 0:04:47]} Bd2
{[%clk 0:02:48]} 127. Bg6+ {[%clk 0:05:14]} Kh8 {[%clk 0:03:09]} 128. Kf7
{[%clk 0:05:32]} Bc1 {[%clk 0:03:30]} 129. Nd6 {[%clk 0:05:43]} Ba3
{[%clk 0:03:35]} 130. Nc4 {[%clk 0:06:00]} Bc1 {[%clk 0:04:01]} 131. Be4
{[%clk 0:06:23]} Bf4 {[%clk 0:04:06]} 132. Kg6 {[%clk 0:06:35]} Bc1
{[%clk 0:04:35]} 133. Bd5 {[%clk 0:06:57]} Bf4 {[%clk 0:04:48]} 134. Be6
{[%clk 0:07:20]} Bc1 {[%clk 0:05:07]} 135. Nd6 {[%clk 0:07:21]} Bf4
{[%clk 0:04:00]} 136. Nf7+ {[%clk 0:06:59]} Kg8 {[%clk 0:04:29]} 137. Ng5+
{[%clk 0:06:58]} Kh8 {[%clk 0:04:49]} 138. Nf7+ {[%clk 0:07:12]} Kg8
{[%clk 0:05:18]} 139. h6 {[%clk 0:07:29]} Bxh6 {[%clk 0:05:46]} 140. Nxh6+
{[%clk 0:07:51]} Kh8 {[%clk 0:06:12]} 141. Nf7+ {[%clk 0:08:14]} Kg8
{[%clk 0:06:34]} 142. Kf6 {[%clk 0:08:02]} Kh7 {[%clk 0:06:37]} 143. Bf5+
{[%clk 0:08:06]} Kg8 {[%clk 0:06:55]} 144. Be4 {[%clk 0:08:16]} Kf8
{[%clk 0:07:19]} 145. Bh7 {[%clk 0:08:03]} Ke8 {[%clk 0:07:48]} 146. Bf5
{[%clk 0:07:54]} Kf8 {[%clk 0:08:11]} 147. Nh6 {[%clk 0:01:32]} Ke8
{[%clk 0:08:39]} 148. Nf7 {[%clk 0:01:15]} Kf8 {[%clk 0:09:06]} 149. Bh7
{[%clk 0:01:33]} Ke8 {[%clk 0:09:20]} 150. Ne5 {[%clk 0:01:51]} Kd8
{[%clk 0:08:41]} 151. Ke6 {[%clk 0:01:53]} Kc7 {[%clk 0:08:53]} 152. Kd5
{[%clk 0:01:59]} Kb6 {[%clk 0:08:24]} 153. Bd3 {[%clk 0:02:17]} Kc7
{[%clk 0:08:43]} 154. Bb5 {[%clk 0:02:07]} Kb6 {[%clk 0:08:30]} 155. Bc6
{[%clk 0:02:25]} Kc7 {[%clk 0:08:26]} 156. Nc4 {[%clk 0:02:46]} Kc8
{[%clk 0:08:25]} 157. Kd6 {[%clk 0:03:04]} Kd8 {[%clk 0:08:49]} 158. Na3
{[%clk 0:01:43]} Kc8 {[%clk 0:09:10]} 159. Nb5 {[%clk 0:01:25]} Kd8
{[%clk 0:09:33]} 160. Nd4 {[%clk 0:01:25]} Kc8 {[%clk 0:09:55]} 161. Ne6
{[%clk 0:01:48]} Kb8 {[%clk 0:10:14]} 162. Kc5 {[%clk 0:02:07]} Ka7
{[%clk 0:09:51]} 163. Kb5 {[%clk 0:02:29]} Kb8 {[%clk 0:10:13]} 164. Ka6
{[%clk 0:02:19]} Kc8 {[%clk 0:10:34]} 165. Kb6 {[%clk 0:03:16]} Kb8
{[%clk 0:10:59]} 166. Bd7 {[%clk 0:03:42]} Ka8 {[%clk 0:11:25]} 167. Nc7+
{[%clk 0:04:06]} 1-0

[Event "Wroclaw Open"]
[Site "?"]
[Date "2017.08.16"]
[Round "9.13"]
[White "Hetzer, Volkhard"]
[Black "Witkowski, Krzysztof"]
[Result "1/2-1/2"]
[BlackElo "1809"]
[WhiteElo "1980"]
[LiveChessVersion "1.4.6"]

1. Nf3 {[%clk 1:30:58]} d5 {[%clk 1:30:42]} 2. d4 {[%clk 1:31:20]} e6
{[%clk 1:31:03]} 3. c4 {[%clk 1:31:13]} c6 {[%clk 1:31:28]} 4. Nc3
{[%clk 1:24:43]} f5 {[%clk 1:31:48]} 5. Bf4 {[%clk 1:21:35]} Bd6 {[%clk 1:31:45]}
6. e3 {[%clk 1:18:58]} Nf6 {[%clk 1:30:35]} 7. Bd3 {[%clk 1:16:05]} O-O
{[%clk 1:29:06]} 8. O-O {[%clk 1:16:19]} Qe7 {[%clk 1:27:14]} 9. c5
{[%clk 1:02:22]} Bxf4 {[%clk 1:21:53]} 10. exf4 {[%clk 1:02:40]} Ne4
{[%clk 1:21:47]} 11. Qc2 {[%clk 1:01:40]} Nd7 {[%clk 1:18:54]} 12. b4
{[%clk 1:01:45]} b6 {[%clk 1:13:33]} 13. g3 {[%clk 0:52:17]} Bb7 {[%clk 1:11:30]}
14. Rfe1 {[%clk 0:51:41]} h6 {[%clk 1:05:00]} 15. Nh4 {[%clk 0:48:57]} Qf7
{[%clk 1:04:16]} 16. f3 {[%clk 0:44:28]} Nxc3 {[%clk 1:00:33]} 17. Qxc3
{[%clk 0:44:52]} g5 {[%clk 0:59:17]} 18. Ng2 {[%clk 0:44:32]} Rfe8
{[%clk 0:58:14]} 19. Rad1 {[%clk 0:38:19]} Qf6 {[%clk 0:52:38]} 20. Re2
{[%clk 0:19:55]} Kf7 {[%clk 0:44:34]} 21. Rde1 {[%clk 0:19:51]} Re7
{[%clk 0:36:32]} 22. fxg5 {[%clk 0:15:55]} hxg5 {[%clk 0:35:45]} 23. f4
{[%clk 0:13:16]} g4 {[%clk 0:32:26]} 24. Ne3 {[%clk 0:13:39]} Rae8
{[%clk 0:27:50]} 25. a4 {[%clk 0:12:54]} bxc5 {[%clk 0:21:32]} 26. bxc5
{[%clk 0:13:18]} Nf8 {[%clk 0:21:31]} 27. Rb2 {[%clk 0:13:08]} Ng6
{[%clk 0:17:22]} 28. Reb1 {[%clk 0:13:29]} Bc8 {[%clk 0:17:06]} 29. Nc2
{[%clk 0:12:25]} Rh8 {[%clk 0:14:57]} 30. Nb4 {[%clk 0:10:57]} Rc7
{[%clk 0:11:42]} 31. Bf1 {[%clk 0:11:12]} Qg7 {[%clk 0:08:24]} 32. Qe3
{[%clk 0:11:23]} Qh6 {[%clk 0:06:26]} 33. Nd3 {[%clk 0:10:45]} Qg7
{[%clk 0:06:31]} 34. Re1 {[%clk 0:10:27]} Qf6 {[%clk 0:06:43]} 35. Ne5+
{[%clk 0:09:45]} Nxe5 {[%clk 0:07:04]} 36. Qxe5 {[%clk 0:09:40]} Qxe5
{[%clk 0:07:30]} 37. Rxe5 {[%clk 0:10:01]} Kf6 {[%clk 0:07:38]} 38. Re3
{[%clk 0:10:14]} Bd7 {[%clk 0:06:36]} 39. Reb3 {[%clk 0:10:32]} Ke7
{[%clk 0:04:34]} 40. Rb7 {[%clk 0:09:41]} Rhc8 {[%clk 0:04:35]} 41. Rxc7
{[%clk 0:09:06]} Rxc7 {[%clk 0:04:57]} 42. Rb8 {[%clk 0:08:41]} Bc8
{[%clk 0:04:56]} 43. Kg2 1/2-1/2

[Event "Wroclaw Open"]
[Site "?"]
[Date "2017.08.16"]
[Round "9.14"]
[White "Madera, Mateusz"]
[Black "Marko, Piotr"]
[Result "1/2-1/2"]
[BlackElo "1794"]
[WhiteElo "1962"]
[LiveChessVersion "1.4.6"]

1. e4 {[%clk 1:30:58]} e5 {[%clk 1:30:54]} 2. Nf3 {[%clk 1:31:04]} Nc6
{[%clk 1:31:16]} 3. Bc4 {[%clk 1:30:32]} Nf6 {[%clk 1:31:40]} 4. d3
{[%clk 1:30:56]} Be7 {[%clk 1:32:02]} 5. O-O {[%clk 1:30:45]} O-O
{[%clk 1:32:24]} 6. a3 {[%clk 1:28:58]} d6 {[%clk 1:26:36]} 7. h3
{[%clk 1:27:41]} Na5 {[%clk 1:17:04]} 8. Ba2 {[%clk 1:25:16]} c5 {[%clk 1:17:07]}
9. Nc3 {[%clk 1:10:18]} Nc6 {[%clk 1:16:50]} 10. Bg5 {[%clk 1:06:22]} Rb8
{[%clk 1:04:28]} 11. Bxf6 {[%clk 0:46:16]} Bxf6 {[%clk 1:04:42]} 12. Nd5
{[%clk 0:46:40]} b5 {[%clk 0:54:55]} 13. c3 {[%clk 0:39:43]} a5 {[%clk 0:47:14]}
14. b4 {[%clk 0:39:03]} g6 {[%clk 0:44:21]} 15. Qd2 {[%clk 0:35:05]} Bg7
{[%clk 0:35:18]} 16. Qe3 {[%clk 0:34:44]} axb4 {[%clk 0:34:27]} 17. axb4
{[%clk 0:34:58]} cxb4 {[%clk 0:34:50]} 18. cxb4 {[%clk 0:33:57]} Kh8
{[%clk 0:34:57]} 19. Rfc1 {[%clk 0:31:02]} Bd7 {[%clk 0:35:03]} 20. Ng5
{[%clk 0:29:31]} Nd4 {[%clk 0:20:06]} 21. Nf3 {[%clk 0:21:31]} Ne6
{[%clk 0:19:26]} 22. Bb3 {[%clk 0:20:55]} f5 {[%clk 0:19:36]} 23. Ra7
{[%clk 0:19:56]} f4 {[%clk 0:12:09]} 24. Qd2 {[%clk 0:19:22]} Bc8
{[%clk 0:06:25]} 25. Nc7 {[%clk 0:19:05]} Ng5 {[%clk 0:06:33]} 26. Nxg5
{[%clk 0:18:41]} Qxg5 {[%clk 0:06:58]} 27. Ne6 {[%clk 0:18:38]} Bxe6
{[%clk 0:06:54]} 28. Bxe6 {[%clk 0:19:08]} Ra8 {[%clk 0:06:11]} 29. Rb7
{[%clk 0:17:16]} Rab8 {[%clk 0:03:05]} 30. Rbc7 {[%clk 0:17:44]} Qf6
{[%clk 0:01:09]} 31. Qa2 {[%clk 0:13:41]} Ra8 32. Qb3 f3 {[%clk 0:01:19]} 33. g3
{[%clk 0:14:38]} Bh6 {[%clk 0:01:36]} 34. R1c2 {[%clk 0:11:26]} Be3
{[%clk 0:00:36]} 35. Rb7 {[%clk 0:08:04]} Ra1+ {[%clk 0:00:46]} 36. Kh2
{[%clk 0:08:33]} Rf1 {[%clk 0:00:34]} 37. Qa2 {[%clk 0:03:15]} Bxf2
{[%clk 0:00:51]} 38. Rxf2 {[%clk 0:03:44]} Rxf2+ {[%clk 0:01:14]} 39. Qxf2
{[%clk 0:04:13]} Qxe6 {[%clk 0:01:37]} 40. Rxb5 {[%clk 0:03:24]} Qb3
{[%clk 0:00:52]} 41. h4 {[%clk 0:01:53]} Qxd3 {[%clk 0:01:10]} 42. Rd5
{[%clk 0:01:23]} Qxe4 {[%clk 0:00:48]} 43. Rxd6 {[%clk 0:01:25]} Qxb4
{[%clk 0:00:35]} 44. Re6 {[%clk 0:01:49]} Qe4 {[%clk 0:00:44]} 45. Qb2
{[%clk 0:00:47]} Rc8 {[%clk 0:00:33]} 46. Rxe5 {[%clk 0:00:51]} Qc2+
{[%clk 0:00:34]} 47. Re2+ {[%clk 0:00:55]} Qxb2 {[%clk 0:00:47]} 48. Rxb2
{[%clk 0:01:24]} Kg7 {[%clk 0:00:38]} 49. Kg1 {[%clk 0:01:54]} Rc3
{[%clk 0:00:37]} 50. Kf2 {[%clk 0:02:19]} Kf6 {[%clk 0:00:55]} 51. Rb4
{[%clk 0:02:01]} g5 {[%clk 0:00:45]} 52. hxg5+ {[%clk 0:02:24]} Kxg5
{[%clk 0:00:55]} 53. Rf4 {[%clk 0:02:48]} h5 {[%clk 0:00:50]} 54. Rxf3
{[%clk 0:03:13]} Rc2+ {[%clk 0:01:14]} 55. Kg1 {[%clk 0:02:47]} Kg4
{[%clk 0:01:27]} 56. Ra3 {[%clk 0:03:16]} Rc1+ {[%clk 0:00:51]} 57. Kg2
{[%clk 0:03:42]} Rc2+ {[%clk 0:01:16]} 58. Kg1 {[%clk 0:04:08]} Rb2
{[%clk 0:01:36]} 59. Rc3 {[%clk 0:04:33]} Kh3 {[%clk 0:01:55]} 60. Ra3
{[%clk 0:04:48]} Rc2 {[%clk 0:01:15]} 61. Rb3 {[%clk 0:05:16]} Rg2+
{[%clk 0:01:02]} 62. Kh1 {[%clk 0:05:21]} Rxg3 {[%clk 0:00:54]} 63. Rb2 1/2-1/2

[Event "Wroclaw Open"]
[Site "?"]
[Date "2017.08.16"]
[Round "9.15"]
[White "Schwedek, Tony"]
[Black "Ochman, Sebastian"]
[Result "1/2-1/2"]
[BlackElo "1748"]
[WhiteElo "1920"]
[LiveChessVersion "1.4.6"]

1. c4 {[%clk 1:30:57]} c6 {[%clk 1:30:49]} 2. g3 {[%clk 1:31:19]} Nf6
{[%clk 1:30:01]} 3. Nf3 {[%clk 1:30:49]} d5 {[%clk 1:30:08]} 4. Bg2
{[%clk 1:31:07]} e6 {[%clk 1:29:40]} 5. d4 {[%clk 1:30:58]} Bd6 {[%clk 1:26:33]}
6. O-O {[%clk 1:30:56]} O-O {[%clk 1:26:54]} 7. Qc2 {[%clk 1:29:13]} Nbd7
{[%clk 1:15:41]} 8. Rd1 {[%clk 1:25:27]} Qe7 {[%clk 1:03:04]} 9. Nbd2
{[%clk 1:18:53]} e5 {[%clk 0:54:47]} 10. dxe5 {[%clk 1:17:24]} Nxe5
{[%clk 0:55:09]} 11. cxd5 {[%clk 1:17:39]} cxd5 {[%clk 0:55:10]} 12. Nxe5
{[%clk 1:17:53]} Qxe5 {[%clk 0:54:55]} 13. Nf3 {[%clk 1:14:48]} Bf5
{[%clk 0:42:30]} 14. Qb3 {[%clk 1:07:50]} Qxe2 {[%clk 0:34:49]} 15. Nd4
{[%clk 1:07:46]} Qh5 {[%clk 0:34:42]} 16. Nxf5 {[%clk 1:07:53]} 1/2-1/2